Analysis of Government Housing Policy in Nigeria (Record no. 2997)

MARC details
000 -LEADER
fixed length control field 00371nam a22001337a 4500
008 - FIXED-LENGTH DATA ELEMENTS--GENERAL INFORMATION
fixed length control field 250414b |||||||| |||| 00| 0 eng d
020 ## - INTERNATIONAL STANDARD BOOK NUMBER
ISBN 9781251174
100 ## - MAIN ENTRY--AUTHOR
Author AMDIL I.E.S.
245 ## - TITLE STATEMENT
Title Analysis of Government Housing Policy in Nigeria
260 ## - PUBLICATION, DISTRIBUTION, ETC. (IMPRINT)
Place of publication Zaria Nigeria
Name of publisher Ahmadu Bello University Press
Date of publication 1993
300 ## - COLLATION
Pagination xviii, 304p.
942 ## - ADDED ENTRY ELEMENTS (KOHA)
Item type Books
050 ## - LIBRARY OF CONGRESS CALL NUMBER
Classification number HD7287
Item number .A53
Holdings
Source of classification or shelving scheme Not for loan Permanent location Current location Date acquired Accession No. Full call number Barcode. Koha item type
Library of Congress Classification   Samuel Ogbemudia Main Library, University of Abuja Samuel Ogbemudia Main Library, University of Abuja 04/14/2025 93/013203 HD7287.A53 2025-1370 Books
Library of Congress Classification   Samuel Ogbemudia Main Library, University of Abuja Samuel Ogbemudia Main Library, University of Abuja 04/14/2025 93/013203 HD7287.A53 2025-1371 Books